Learning Resource and Development

Philosophy of language and linguistics (Record no. 8669)

MARC details
000 -LEADER
fixed length control field 00859nam a22002897a 4500
005 - DATE AND TIME OF LATEST TRANSACTION
control field 20230512223111.0
008 - FIXED-LENGTH DATA ELEMENTS--GENERAL INFORMATION
fixed length control field 180430t xxu||||| |||| 00| 0 eng d
020 ## - INTERNATIONAL STANDARD BOOK NUMBER
International Standard Book Number 9781635498356
040 ## - CATALOGING SOURCE
Transcribing agency CSPC
082 0# - DEWEY DECIMAL CLASSIFICATION NUMBER
Classification number 401
Item number P549
245 00 - TITLE STATEMENT
Title Philosophy of language and linguistics
260 ## - PUBLICATION, DISTRIBUTION, ETC.
Place of publication, distribution, etc. USA :
Name of publisher, distributor, etc. Larsen & Keller
Date of publication, distribution, etc. 2018.
300 ## - PHYSICAL DESCRIPTION
Extent 231 pages :
Dimensions 26 cm.
336 ## - CONTENT TYPE
Source rdacontent
Content type term text
337 ## - MEDIA TYPE
Source rdamedia
Media type term unmediated
338 ## - CARRIER TYPE
Source rdacarrier
Carrier type term volume
500 ## - GENERAL NOTE
General note Includes bibliographical references and index.
650 10 - SUBJECT ADDED ENTRY--TOPICAL TERM
Topical term or geographic name entry element Language and languages
General subdivision Philosophy.
650 10 - SUBJECT ADDED ENTRY--TOPICAL TERM
Topical term or geographic name entry element Linguistics
Form subdivision Philosophy
650 10 - SUBJECT ADDED ENTRY--TOPICAL TERM
Topical term or geographic name entry element Language and languages.
650 10 - SUBJECT ADDED ENTRY--TOPICAL TERM
Topical term or geographic name entry element Linguistics.
700 1# - ADDED ENTRY--PERSONAL NAME
Personal name Robert Fitt
Relator term editor
940 ## - EQUIVALENCE OR CROSS-REFERENCE--UNIFORM TITLE [OBSOLETE] [CAN/MARC only]
Uniform title <a href="123">123</a>
942 ## - ADDED ENTRY ELEMENTS (KOHA)
Koha item type
-- CIR 401 P549 2018
Holdings
Withdrawn status Lost status Damaged status Not for loan Home library Current library Shelving location Date acquired Total Checkouts Full call number Barcode Date last seen Copy number Price effective from Koha item type
        Main Library Main Library Circulation Section 05/12/2023   CIR 401 P549 2018 020666 05/12/2023 1-1 05/12/2023 Books